Hàn Mặc Tử tác phẩm chọn lọc

Uloženo v:
Podrobná bibliografie
Hlavní autor: Hàn Mặc Tử
Médium: Kniha
Jazyk:Undetermined
Vydáno: Hà Nội Giáo dục Việt Nam 2009
Témata:
Tagy: Přidat tag
Žádné tagy, Buďte první, kdo otaguje tento záznam!
Thư viện lưu trữ: Trung tâm Học liệu Trường Đại học Cần Thơ
LEADER 00732nam a2200205Ia 4500
001 CTU_183996
008 210402s9999 xx 000 0 und d
020 |c 24000 
082 |a 895.9221009 
082 |b H105 
100 |a Hàn Mặc Tử 
245 0 |a Hàn Mặc Tử tác phẩm chọn lọc 
245 0 |c Hàn Mặc Tử ; Nguyễn Đăng Điệp giới thiệu và tuyển chọn 
260 |a Hà Nội 
260 |b Giáo dục Việt Nam 
260 |c 2009 
650 |a Vietnamese literature,Vietnamese poetry,Văn học Việt Nam 
650 |x History and criticism,Lịch sử và phê bình 
904 |i Hải 
980 |a Trung tâm Học liệu Trường Đại học Cần Thơ